00500 2200205 4500001002100000008004100021035002000062245006500082100001300147250000600160260003200166300001200198084001400210082000800224650001400232990001200246990001200258990001200270990001200282INLIS000000000000443 ind  a0010-0424000419 aEnsiklopedia Bahasa Inggris : Writing Report TextscDjatmika aDjatmika a1 aBandung :bPakar Rayac2013 a116 hlm a420 DJA e a420 aNon Fiksi a0722576 a0722577 a0722578 a0722579